Statystyki dla Jakiego rapera to piosenka ?

Kliknij tutaj aby rozwiązać quiz!

Ogólne statystyki

  • Ten quiz został rozwiązany 319 razy
  • Średni wynik to 3 z 6

Statystyki odpowiedzi

ZagadnienieOdpowiedź% Poprawnych
nadchodzi latobedoes & lanek
88%
wyboryjan rapowanie & szpaku & guzior
74%
raiddendeys/grimmy
42%
senseitrill pem
42%
merkurywiatr & tymek
40%
krewobi
27%

Rozkład punktacji

Percentyl według liczby udzielonych odpowiedzi

Procent ludzi z każdym wynikiem

Twoja historia wyników

Nie rozwiązałeś tego quizu